| 000 | 00000nam 2200000zi 4500 |
| 001 | 9.875486 |
| 003 | CaOODSP |
| 005 | 20221107164453 |
| 006 | m o d f |
| 007 | cr ||||||||||| |
| 008 | 190626e201906##onca obs f000 0 eng d |
| 040 | |aCaOODSP|beng|erda|cCaOODSP |
| 043 | |an-cn--- |
| 086 | 1 |aFs70-6/2019-028E-PDF |
| 245 | 00|aReview of North Atlantic right whale occurrence and risk of entanglements in fishing gear and vessel strikes in Canadian waters. |
| 264 | 1|aOttawa, ON : |bCanadian Science Advisory Secretariat (CSAS), National Capital Region, Fisheries and Oceans Canada : |cJune 2019. |
| 264 | 4|c©2019 |
| 300 | |a1 online resource (38 pages) : |bcolour illustrations. |
| 336 | |atext|btxt|2rdacontent |
| 337 | |acomputer|bc|2rdamedia |
| 338 | |aonline resource|bcr|2rdacarrier |
| 490 | 1 |aCanadian Science Advisory Secretariat, science advisory report, |x1919-5087 ; |v2019/028, National Capital Region |
| 500 | |aIssued also in French under title: Examen de la présence de la baleine noire de l’Atlantique nord et des risques d’empêtrement dans les engins de pêche et de collision avec des navires dans les eaux canadiennes. |
| 500 | |aCaption title. |
| 504 | |aIncludes bibliographical references. |
| 692 | 07|2gccst|aWhales |
| 710 | 1 |aCanada. |bDepartment of Fisheries and Oceans. |bNational Capital Region. |
| 710 | 1 |aCanada. |bEcosystems and Oceans Science. |
| 710 | 2 |aCanadian Science Advisory Secretariat. |
| 775 | 08|tExamen de la présence de la baleine noire de l’Atlantique nord et des risques d’empêtrement dans les engins de pêche et de collision avec des navires dans les eaux canadiennes.|w(CaOODSP)9.875488 |
| 830 | #0|aScience advisory report (Canadian Science Advisory Secretariat)|x1919-5087 ; |v2019/028, National Capital Region|w(CaOODSP)9.506226 |
| 856 | 40|qPDF|s1.22 MB|uhttps://publications.gc.ca/collections/collection_2019/mpo-dfo/fs70-6/Fs70-6-2019-028-eng.pdf |